Statistiques concernant Personnages Layton

Cliquez ici pour prendre le quiz!

Statistiques générales

  • Ce quiz a été pris 93 fois
  • Le résultat moyen est 5 sur 12

Statistiques - réponses

Réponse% Correct
Hersel Layton
97%
Luke Triton
86%
Emmy Altava
70%
Jean Descole
68%
Leon Bronev
49%
Flora Reinhold
44%
Vladimir Van Herzen
19%
Clive Dove
16%
Arianna Barde
14%
Henri Dumont
3%
William Garnet
3%
Desmond Sycamore
1%

Distribution des résultats

Percentile par nombre de réponses

% des personnes avec chaque résultat

Votre développement - résultats

Vous n’avez pas pris ce quiz